[Event "Match 69_120'/40"]
[Site "Zürich"]
[Date "2022.??.??"]
[Round "49"]
[White "Excel Mach III 68000"]
[Black "Mephisto Almeria 68000"]
[Result "0-1"]
[WhiteElo "2021"]
[BlackElo "2079"]
[Annotator "KUT"]
[PlyCount "169"]
[EventDate "2022.??.??"]

{[%evp 0,169,19,31,19,0,30,2,76,45,84,14,60,52,51,58,81,75,61,0,14,-138,-165,
-178,-177,-172,-172,-172,-174,-209,-167,-202,-117,-154,-184,-184,-52,-44,-38,
-37,-47,-13,-13,-21,-26,-77,-83,-106,-63,-93,-79,-86,-76,-78,-62,-102,-30,-23,
0,-2,0,-4,-1,-77,-159,-217,-113,-218,-170,-200,-217,-217,-212,-232,-220,-220,
-220,-220,-220,-220,-202,-158,-168,-219,-186,-221,-221,-260,-242,-323,-311,
-325,-341,-337,-339,-348,-363,-350,-350,-358,-328,-377,-392,-392,-305,-321,
-374,-412,-426,-445,-453,-445,-458,-507,-605,-773,-773,-773,-901,-1129,-462,
-1315,-449,-452,-417,-399,-472,-618,-614,-614,-614,-610,-642,-642,-642,-650,
-650,-650,-650,-649,-650,-672,-650,-671,-671,-713,-693,-702,-692,-702,-702,
-702,-694,-715,-669,-744,-744,-744,-762,-815,-847,-863,-1002,-1200,-1334,-1334,
-1562,-2087,-2077,-1975,-2507,-2474]} 1. d4 d5 {Match 120'/40 | Bediener: Rolf
Bühler | 49. Partie: Schwarz (Almeria 16bit) gewinnt | Zwischenstand: 26,5-22,
5 (54%) für den Mephisto Almeria 68000 | Das Programm von Richard Lang wählt
gegen das Damengambit die Tschigorin-Variante 2...Sc6, fällt jedoch zu früh
aus dem Buch und hätte in eine verdächtige Stellung geraten können. Doch
was macht der Mach III: Er spielt einen taktisch ganz schwachen Zug,
übersieht eine primitive Bauerngabel und muss am Ende mit einer Leichtfigur
weniger gegen einen Bauern kämpfen. Dank ungenauem Spiel des Gegners, gelingt
es dem Mach III zu Ausgleichs- und Gegenchancen zu kommen. In der Phase vom 17.
bis 31. Zug verdient fast jeder Zug auf beiden Seiten ein Fragezeichen, was
darauf hindeutet, dass die Stellung die Anforderungen unserer beiden Kämpen
bei weitem überfordert. Den letzten Fehler begeht dann aber der Mach III und
verliert eine unglückliche Partie.} 2. c4 Nc6 3. Nc3 dxc4 4. Nf3 Nf6 {***ENDE
BUCH***} 5. Bg5 Nd5 6. e4 Nxc3 7. bxc3 {***ENDE BUCH***} h6 {Hier gilt 7...Sa5
als beste Fortsetzung. Mit dem Textzug habe ich einzig 6 Partien in meinen
Datenbanken gefunden.} 8. Bh4 {Stemmt sich gegen ...e5 und entspricht der
Fortsetzung aller 6 gefundenen Partien. Interessant scheint mir der Hinweis,
dass die Engines durchwegs 8.Le3 bevorzugen.} Na5 {Die übliche Fortsetzung in
dieser seltenen Stellung ist 8...g5.} (8... g5 9. Bg3 Bg7 10. Bxc4 O-O 11. h4
g4 12. Nd2 Na5 13. Be2 c5 14. dxc5 Bxc3 15. Rc1 Qd4 16. Qc2 Bb4 17. Bf4 Rd8 18.
Bxh6 g3 19. O-O gxf2+ 20. Rxf2 Bxd2 21. Rd1 Bxh6 22. Rxd4 Rxd4 23. Qc3 Nc6 24.
Qg3+ Kh8 25. Bh5 Be6 26. Bxf7 Bxf7 27. Rxf7 Rg8 28. Qc3 e5 29. Rf6 Kh7 30. Qf3
Ne7 31. Qh5 Rg6 32. Rf7+ {1-0 (32) Indjic,A (2541)-Fercec,N (2471) Zadar 2013})
(8... Qd6 9. Bxc4 e6 10. O-O Be7 11. Bg3 Qd8 12. Qe2 O-O 13. Rad1 Na5 14. Bd3
b6 15. Rfe1 Bb7 16. c4 Re8 17. h4 h5 18. Qe3 Rc8 19. Be5 Nc6 20. Bg3 Na5 21.
Be5 Nc6 22. Bg3 {1/2-1/2 (22) Ebner,H (2254)-Kuba,G (2333) Austria 2018}) {[#]}
9. Qa4+ $2 {Weiss schlägt den falschen Weg ein und muss materiellen Nachteil
in Kauf nehmen. Mit 9.Se5! hätte Weiss deutlichen Vorteil erhalten.
Einerseits kann problemlos Se5xc4 folgen. Andererseits droht kräftig Df3, was
für Schwarz äusserst unangenehm wäre.} (9. Ne5 h5 $1 10. f4 g6 11. Nxc4 $16
{und Schwarz hat ein schweres Leben.}) 9... c6 10. Bxc4 {[%mdl 32768] Das
führt auf direktem Weg in die Katastrophe.} b5 {Diese Bauerngabel lag nun
doch wirklich auf der Hand.} 11. Bxf7+ {Typisch Mach III: Lieber den
gegnerischen König an die Luft setzen, als wenigstens zwei Bauern für die
Figure einzuheimsen.} (11. Bxb5 cxb5 12. Qxb5+ Bd7 13. Qd3) 11... Kxf7 12. Ne5+
Kg8 13. Qd1 Be6 {Ein menschlicher Spieler hätte wohl auf 13...De8 gesetzt,
was die weissfeldrigen Schwächen am Königsflügel unter Kontrolle nimmt.} 14.
Qf3 {Weiss täte besser mit 14.a4 etwas Unruhe am Damenflügel zu sähen.} Kh7
{Auch hier war 14...De8 vernünftiger.} 15. O-O Qc8 16. Qg3 {Es geht weiter im
Dschungelschach-Stil, wohl in der Hoffnung auf Komplikationen nach 16...g5 17.
f4!?, obwohl bei korrekter Verteidigung auch damit kein Blumentopf zu gewinnen
ist.} Qe8 $6 {Schwärz hätte sich auf 16...g5 einlassen können/sollen.} 17.
f4 $1 {Verhindert ...g5 und zwingt Schwarz zu guter Verteidigung.} Rd8 $2 {
[%mdl 32768] Und schon strauchelt der Mephisto Almeria 68000 und verliert so
seinen Vorteil. Richtig 17...Lf7 oder 17...Sc4.} 18. f5 Bc4 19. Rf2 Rd6 (19...
Bf7 20. Nxf7 Qxf7 21. Qc7 $16 {und das Spiel hat sich zugunsten von Weiss
gewandelt.}) 20. a4 $1 Nb3 21. Rb1 {Selbst 21.axb5 kam in Frage.} (21. axb5
Nxa1 22. Nxc4 Rd8 23. Qg6+ Qxg6 24. fxg6+ Kxg6 25. bxc6 $11) 21... a6 22. Nxc4
bxc4 $11 23. Qe5 $2 {[%mdl 32768] Der Mach III gibt das Geschenk des Gegners
wieder zurück, bzw. gibt den Vorteil an Almeria 68000 ab. Das hätte mit 23.
e5 verhindert werden können.} Qf7 $2 {[%mdl 32768] Aber auch das
Mephisto-Gerät ist überfordert und erlaubt dem Gegner wieder Ausgleich zu
erlangen.} ({Nach} 23... g5 24. fxg6+ Qxg6 $17 {steht Schwarz klar besser.})
24. Kh1 $2 {[%mdl 32768] Ein Fehler folgt dem nächsten. Nach 24.Tbf1= wäre
für Weiss alles im Lot.} c5 $2 {[%mdl 32768] Und nun ist es der Mephisto
Almeria, der den möglichen Vorteil mit 24...g5! verpasst.} 25. d5 Rg8 26. Rbf1
$11 Kh8 {[%mdl 32768] Es geht im selben Stil weiter: Ausgleich war mit 26...g5
zu haben.} 27. Qf4 $2 {[%mdl 32768] Und erneut wechselt die Szene.} (27. g4 {
+/- zugunsten von Weiss}) 27... Qh5 $2 {[%mdl 32768]} (27... g5 $1 {-/+
zugunsten von Schwarz}) 28. Bg3 {+/- zugunsten von Weiss} Rd8 29. Qc7 Ra8 30.
Be5 {Man beachte vor allem die traurige Rolle, die der schwarze Läufer auf f8
spielt.} Kh7 31. f6 $2 {[%mdl 32768] Erneute Kehrtwende durch eine völlige
Fehleinschätzung der Lage. Aus einem subtilen Vorteil könnte sich nun ein
subtiler Nachteil ergeben.} (31. Qb7 Qe8 32. g4 $18) 31... exf6 32. Rxf6 $2 {
[%mdl 32768]} (32. Bxf6 {hätte den Schaden minimiert.}) 32... Nd2 33. R6f5 Qe2
$6 {Gar noch stärker ist 33...Dg6 usw.} 34. R5f2 Qd3 {Nun steht es nicht mehr
gut um Weiss. Der e4-Bauer wird auch noch fallen.} 35. Rd1 {Mit 35.Te1 kann
Weiss etwas mehr Widerstand leisten. Nun hat Schwarz eine nette, wenn auch
augenscheinliche Gewinnkombination.} Nxe4 $1 36. Rxd3 Nxf2+ 37. Kg1 Nxd3 $19 {
Mit zwei Türmen und Springer gegen die weisse Dame besitzt Schwarz
entscheidenden Materialvorteil.} 38. Bg3 Re8 (38... Nc1 $1 $19 {ist für Weiss
der unangenehmere Zug.}) 39. d6 Re2 (39... Re4 {ist stärker}) 40. h3 {Öffnet
dem König das dringend notwendige Luftloch.} Rd2 {Nicht am besten; der
schwarze Turm sollte auf der e-Linie bleiben. Aber zu seinem Glück darf sich
Schwarz solche Ungenauigkeiten leisten, da sie den Stellungscharakter nicht
massgeblich ändern.} 41. Qb7 ({Leider bringt} 41. d7 {gar nichts, z.B.} Be7
42. Qc6 Bf6 43. Bc7 Bxc3 44. Qe4+ Kh8 45. Qxc4 Bf6 46. Qxa6 Be5 47. Bxe5 Nxe5
48. Qa5 Rd1+ 49. Kh2 Nxd7 $19) 41... Kh8 42. Qxa6 g5 43. d7 Nf4 {droht ...Txg2+
} 44. Bxf4 gxf4 45. Qf6+ Bg7 46. Qxf4 Rxd7 47. Qxc4 {Weiss hat getan, was
möglich war, aber es genügt nicht. Die Krux ist, dass der c3-Bauer auch noch
verlorengeht, ohne dass Weiss indessen den c5-Bauer abholzen kann.} Rd1+ 48.
Kf2 (48. Kh2 {führt zu einem Mattfinale} Be5+ 49. g3 Rxg3 50. Qe6 Rg5+ 51.
Qxe5+ Rxe5 52. Kg3 Rd3+ 53. Kf2 Rxc3 54. h4 Re4 55. a5 Rxh4 56. a6 Rh2+ 57. Kg1
Rd2 58. a7 Rc1#) 48... Rd2+ 49. Kf3 (49. Ke1 Rxg2 50. Qxc5 Rb8 {droht Matt auf
b1} 51. Qf5 Rb1+ 52. Qxb1 Rg1+ 53. Kf2 Rxb1 $19) (49. Kg1 Re8 50. Qh4 Rc2 51.
a5 Rc1+ 52. Kf2 Rxc3 $19) 49... Rc2 50. Qb5 Rxc3+ {Damit ist die Partie
gelaufen, denn der weisse a-Bauer stellt für Schwarz keine Gefahr dar.} 51.
Ke4 Bd4 52. Qc6 Re3+ 53. Kd5 Rg5+ 54. Kc4 Rc3+ 55. Kb5 Rb3+ 56. Ka6 Kh7 57.
Qd7+ Rg7 58. Qd5 Rg6+ 59. Ka7 Ra3 60. Qc4 Rxg2 61. h4 Rh3 62. a5 Rxh4 63. a6
Re4 64. Kb6 Re7 65. Qd5 (65. a7 Rg6+ 66. Kb5 Rb7+ 67. Ka5 Rxa7+) 65... Rg6+ 66.
Kb5 Ra7 67. Kc4 Rgxa6 {Nach dem Fall dieses Bauern hat Weiss endgültig sein
Pulver verschossen.} 68. Qf5+ Kg7 69. Qg4+ Rg6 70. Qe4 Rg1 71. Kb5 Rf7 72. Kc4
h5 73. Qh4 Rc1+ 74. Kd5 Kh6 75. Qe4 Rf6 76. Qd3 Rf4 77. Qd2 Rcf1 78. Qg2 h4 79.
Kd6 R1f2 80. Qh1 c4 81. Kc6 c3 82. Kb5 c2 83. Qc6+ Kg5 84. Qc4 Bb2 85. Qg8+ {
***AUFGEGEBEN***} 0-1

[Event "Match 69_120'/40"]
[Site "Zürich"]
[Date "2022.??.??"]
[Round "50"]
[White "Mephisto Almeria 68000"]
[Black "Excel Mach III 68000"]
[Result "1/2-1/2"]
[WhiteElo "2079"]
[BlackElo "2031"]
[Annotator "KUT (27-23)"]
[PlyCount "94"]
[EventDate "2022.??.??"]

{[%evp 0,94,19,38,43,18,28,25,32,18,15,24,30,26,25,18,30,22,19,-12,31,24,63,30,
36,24,26,34,22,23,31,-6,3,-36,-122,-74,-88,-218,-387,-425,-252,-270,-183,-189,
-189,-179,-157,-171,-167,-161,-99,-102,-76,-94,-46,-24,-19,-33,-21,-14,18,-26,
-21,-22,32,0,-16,-7,-16,-15,-8,-6,-12,-12,-8,-8,-8,-6,-11,-8,-13,-28,-30,-30,
-30,-33,35,28,36,53,72,34,54,68,33,34,66]} 1. e4 e6 {Match 120'/40 | Bediener:
Rolf Bühler | 50. Partie: Remis | Endstand: 27,0-23,0 (54%) für den Mephisto
Almeria 68000 | In der letzten Partie des Matches entscheidet sich der Mach
III für die scharfe Winawer-Variante 3...Lb4 in der Französischen
Verteidigung. Doch vermeidet der Mephisto Almeria mit 4.exd5 einen scharfen
Kampf und lenkt in ruhigere Gewässer über. Als dann jedoch Schwarz die
Initiative am Königsflügel übernimmt und Weiss dagegen nicht die beste
Verteidigung findet, wird der Mephisto Almeria 68000 völlig überspielt.
Selbst der Damentausch bringt nicht die notwendige Entlastung. Erst als der
Mach III im Endspiel durch 14...c5? seinen d5-Bauer schwächt, kann der
Mephisto Almeria 68000 aufatmen und noch Remis erreichen.} 2. d4 d5 3. Nc3 Bb4
{Also noch ein scharfer Kampf in der letzten Partie dieses Matches.} 4. exd5 {
Leider nein.} exd5 {Nach diesem Tausch entwickelt sich meistens eine ruhige
und streng positionelle Partie. Die Einfachheit der Stellung, bedingt durch
die symmetrische Bauernstruktur und die einzige offene e-Linie, täuscht
indessen darüber hinweg, dass nur derjenige Spieler mithalten kann, der mit
den vielen Finessen vertraut ist, wo und wann man welche Figuren aufstellen
und tauschen soll/muss. So hat beispielsweise Jose Raul Capablanca seine erste
Partie im WM-Match 1927 in Buenos Aires gegen Alexander Alekhine verloren.} 5.
Bd3 {Die älteste mit dieser Variante bekannte Partie haben Wilhelm Steinitz
und Joseph Blackburne 1863 in London absolviert.} (5. Nf3 Nf6 6. Bd3 O-O 7. O-O
Bg4 8. Kh1 c6 9. Ne2 Bd6 10. Ne5 Nbd7 11. f4 Re8 12. Bd2 Nf8 13. h3 Bxe2 14.
Qxe2 N6d7 15. Qf2 f6 16. Rae1 fxe5 17. fxe5 Bc7 18. Qf7+ Kh8 19. Qh5 Re6 20.
Rf7 Qe8 21. Ref1 h6 22. Qg4 Bxe5 23. dxe5 Ng6 24. Bxh6 gxh6 25. Bxg6 Nxe5 26.
Rf8+ Kg7 27. Rxe8 Raxe8 28. Qd4 Kxg6 29. Qxa7 R6e7 30. Qf2 Re6 31. Qf5+ Kg7 32.
g4 b5 33. c3 R8e7 34. b3 Nd7 35. a4 bxa4 36. bxa4 Nc5 37. Qf8+ Kg6 38. a5 h5
39. gxh5+ Kxh5 40. Rg1 Ne4 41. Qf5+ Kh6 42. Qf4+ {1-0 (42) Steinitz,
W-Blackburne,J London (London CC) 1863}) 5... Nc6 6. Nge2 Nge7 7. O-O Bf5 8.
Ng3 {***ENDE BUCH***} (8. Bxf5 Nxf5 9. Qd3 Qd7 10. Nd1 O-O 11. Ne3 Nxe3 12.
Bxe3 Rfe8 13. Nf4 Bd6 14. Rfe1 $6 Nb4 15. Qb3 $6 Qf5 16. Rac1 $2 Nxc2 17. Rxc2
Qxf4 18. g3 Qf5 19. Rce2 b6 20. Qb5 h5 21. h4 Re4 22. Bd2 Rxd4 23. Bc3 Rd3 24.
Be5 Rd8 25. Bxd6 Rxd6 26. Re5 Qf3 27. Rxh5 Qxh5 28. Re8+ Kh7 29. Qxd3+ Qg6 30.
Qd1 Re6 31. Ra8 Re5 32. Rxa7 c5 33. Rd7 Qe6 34. Qd3+ g6 35. Rd8 d4 36. a4 Re1+
37. Kg2 Qc6+ 38. f3 Re3 39. Qd1 Qe6 40. g4 Re2+ 41. Kh3 Qe3 42. Qh1 Qf4 43. h5
Rf2 {0-1 (43) Capablanca,J-Alekhine,A Buenos Aires 1927}) 8... Bg6 {***ENDE
BUCH***} 9. Bxg6 {Dazu finde ich keine Partie in meinen Datenbanken.} (9. Nce2
{ist die logische(re) Fortsetzung, die den möglichen Doppelbauer nach ...Lxc3
vermeidet und selbst c2-c3 vorbereitet.}) 9... Nxg6 $6 {Ebenfalls unlogisch
und nur ein Tempo verlierend als Folge des kommenden Turmschachs auf e1. Am
besten sieht 9...hxg6 aus. Zudem hat Weiss nach dem Textzug die für Schwarz
unangenehme Option 10.f4!? zur Verfügung.} 10. Re1+ $6 {Verpasst die gute
Chance mit 10.f4!? für die Erzielung eines spürbaren Vorteils.} Nce7 (10...
Nge7 {ist etwas genauer.}) 11. Bd2 {Auch jetzt kam noch f2-f4 in Frage,
allerdings nicht mehr mit der gleich starken Wirkung wie einen Zug zuvor.} O-O
12. Na4 Bxd2 13. Qxd2 b6 14. Nc3 f5 {Jetzt wird Schwarz als erster aktiv. Die
Stellung befindet sich indessen noch immer im Gleichgewicht.} 15. Qe2 {Etwas
besser hätte Weiss sich mit 15.f4 entgegengestemmt.} Qd7 16. Qb5 $6 {Ein
völlig unnötiges und sinnloses Manöver.} c6 17. Qa6 $2 {[%mdl 32768] Die
Dame steht hier nicht ideal, weshalb De2 oder Dd3 zu bevorzugen war. Dass
Schwarz nun praktisch eine gewonnene Stellung aufbauen kann, konnte der
Mephisto Almeria 68000 bestimmt nicht erkennen.} f4 18. Nh1 f3 $1 {Der
Todesstoss. Mit der Dame auf e2 wäre nun der Damentausch durch De6+ möglich.}
19. Ng3 fxg2 {Nicht übel, aber erstaunlich, dass der Taktiker Mach III den
simplen Gewinn mit 19...Sh4! nicht vermeidet.} (19... Nh4 20. Re3 fxg2 21. Nce2
Neg6 $19) 20. Qe2 Rae8 (20... Rf6 {gewinnt am einfachsten} 21. Nh5 Rf7 22. Qe6
Qxe6 23. Rxe6 Raf8 24. f4 Nxf4 25. Nxf4 Rxf4 26. Kxg2 Ng6 $19 {Schwarz mit
seinem Mehrbauer und seinen Figuren, die das ganze Brett beherrschen, hat eine
gewonnene Stellung.}) 21. Qe6+ {Durch den Damentausch kann wenigstens der
tödliche Angriff von Schwarz gebremst werden.} Qxe6 22. Rxe6 {Aber auch nach
dem Tausch der Damen steht Schwarz prächtig und Weiss befindet sich in
höchster Verlustgefahr.} Nf4 {Noch stärker ist 22...Sh4, weil Weiss wegen ...
Sf3+ nie einen Turm auf e1 stellen darf und somit die Kontrolle über die
offene e-Linie beim Schwarzen bleibt.} 23. Re3 Neg6 24. Nge2 {Dass Weiss den
lästigen Springer beseitigen will, ist verständlich.} {[#]} c5 $2 {[%mdl
32768] Eine bedeutende Ungenauigkeit, die den schwarzen Vorteil weitgehend ad
absurdum führt und den d5-Bauer schwächt.} (24... Rxe3 25. fxe3 Nxe2+ 26.
Nxe2 Rf3 27. Kxg2 Nh4+ 28. Kg1 Rxe3 {und Schwarz mit seinem Mehrbauer und den
aktiveren Figuren hat treffliche Gewinnchancen.}) 25. Nxf4 Nxf4 26. Rd1 {
Droht die Eroberung des d5-Bauern durch dxc5 nebst Sxd5.} cxd4 {Danach bleibt
der d5-Bauer schwach. Aber die Alternative 26...c4 erlaubt 27.Tde1 und Weiss
übernimmt die Kontrolle über die offene e-Linie, wonach die schwarzen
Gewinnchancen gering bleiben.} 27. Rxd4 g5 28. Rd2 Rc8 29. Ne2 $11 {Will auf
f4 schlagen und später entweder den d5-Bauer oder den g2-Bauer abholen. Die
Stellung befindet sich wieder im Gleichgewicht.} ({Auch} 29. Nxd5 Nxd5 30. Rxd5
Rxc2 31. Rxg5+ {ist ausgeglichen}) 29... Rc4 {Auch 29...Sg6 oder 29...d4 sind
möglich, aber wesentlich komplizierter und die Varianten zu tief für unsere
beiden Kämpfer. Die Partie steuert jetzt auf ein friedliches Remis zu.} 30.
Rg3 h6 31. Nxf4 Rcxf4 32. Kxg2 d4 33. f3 R8f5 34. Rg4 Kf7 35. Rxd4 Rxf3 36. Rd2
Kg6 37. Rgd4 Kh5 38. Rd7 a5 39. R7d4 b5 40. a4 b4 41. Re4 R3f4 42. Rxf4 gxf4
43. Kf3 Kg5 44. Rg2+ Kh4 45. Rd2 Kg5 46. Rg2+ Kh4 47. Rd2 Kg5 {***3x REMIS***}
1/2-1/2